000
00301nam a2200109Ia 4500
008
200302s9999 xx 000 0 und d
100
_a
Pat Guthrie
245
_a
Cross- Check Integrating Building Systems and Working Drawings
260
_b
Tata Mcgraw-Hill Com. Ltd.
260
_c
1998
300
_a
181 P.,
999
_c
1500
_d
1500